• 首页
  • 本馆介绍
  • 公告通知
  • 最新文献
  • 馆藏检索
  • 电子资源
  • 读者导购
  • 参考咨询
  • 我的图书馆
  • 登录
  • 详细信息显示
  • 放入我的书架
  • 预约/预借图书
  • 作者相关作品
  • 分类相关作品
  • 丛书相关作品
  • 出版社相关作品

书目信息

  • 表格格式
  • 工作单格式
  • 卡片格式
题名:
经典释文
    
 
作者: 陆德明 撰
分册: 四   礼记音义
出版信息: 上海   上海古籍出版社  1980.11
页数: 1册
开本: 29*18.5cm
丛书名:
单 册:
中图分类: H131.6
科图分类:
主题词: 汉语--语义 , 汉语--语义学 , 汉语--词汇 , 训诂
电子资源:
ISBN:
000 00911nam0 2200325 45
001 0185018779
005 20061020104034.50
010    @b线装@dCNY90.00(函)
091    @a9186.31
091    @a9186.5
100    @a19901005e1980 kemy0chiy0121 ea
101 0  @achi
102    @aCN@b310000
105    @ay z 000yy
200 10 @a经典释文@Ajing dian shi wen@h四@i礼记音义@f(唐)陆德明撰@F(Tang)Lu De Ming Zhuan
205    @b影印本
210    @a上海@c上海古籍出版社@d1980.11
215    @a1册@d29*18.5cm
300    @a根据北京图书馆藏宋刻本影印,原书版框高一九五毫米,宽一六五毫米
300    @a一至八册为一函,共三十卷
517 1  @a礼记音义@Ali ji yin yi
606 0  @a汉语@x语义
606 0  @a汉语@x语义学
606 0  @a汉语@x词汇
606 0  @a训诂
690    @aH131.6@v3
701  0 @a陆德明@4撰
801  2 @aCN@bNLC@c20061020
801  0 @aCN@b深圳图书馆@c20041229
905    @a10447@dH131.6@e10:4
    
    经典释文.四.礼记音义/(唐)陆德明撰.-影印本.-上海:上海古籍出版社,1980.11
    1册;29*18.5cm
    根据北京图书馆藏宋刻本影印,原书版框高一九五毫米,宽一六五毫米.-一至八册为一函,共三十卷
    
    ISBN (线装):CNY90.00(函)
    
●
相关链接 在E读中查询图书 在五车中查询图书 在当当中查询图书 在豆瓣中查询图书


正题名:经典释文     索取号:H131.6/10:4         预约/预借

序号 登录号 条形码 馆藏地/架位号 状态 备注
1 0265332   202407877   古籍典藏专区/ [索取号:H131.6/10:4] 在馆    
欢迎您!
大连网信软件有限公司© 版权所有